000 00463nam a2200169 a 4500
001 0000-8830
003 ELIB.Books
008 110520 1970
035 _a(ELIB.Books)0000-8976
082 _a270
_bLat
100 _aLatourette, Kenneth Scott
245 _aThree Centuries of Advance. Volume III
260 _bGrand Rapids: Zondervan Publishing House
_c1970
650 _aChurch History
942 _2ddc
_cBK
998 _cbat
_e2011-05-20
999 _c8830
_d8830